[Event "Reykjavik op"]
[Site "Reykjavik"]
[Date "2024.03.18"]
[Round "5"]
[White "Ruiz Buendia, Miguel"]
[Black "Franco, Gaston Nicolas"]
[Result "1-0"]
[WhiteElo "2366"]
[BlackElo "2021"]
[PlyCount "119"]
[EventDate "2024.03.15"]
[EventType "swiss"]
[EventRounds "9"]
[EventCountry "ISL"]
[SourceTitle "CB13_2024"]
[SourceDate "2024.03.27"]
[SourceVersion "1"]
[SourceVersionDate "2024.03.27"]
[SourceQuality "1"]

1. e4 c5 2. Nf3 Nc6 3. Bb5 g6 4. Bxc6 dxc6 5. d3 Bg7 6. 0-0 Nf6 7. h3 0-0 8. Be3 b6 9. Nc3 Qc7 10. a4 a5 11. Nd2 e5 12. f4 exf4 13. Bxf4 Qd8 14. Kh1 Nd7 15. Nc4 Ba6 16. Ne3 Ne5 17. Bxe5 Bxe5 18. Ng4 Bg7 19. e5 f5 20. exf6 Bxf6 21. Nxf6+ Rxf6 22. Qd2 Qf8 23. Qe2 Kg7 24. Ne4 Re8 25. Rxf6 Qxf6 26. Qg4 Qe6 27. Qf3 c4 28. Rf1 cxd3 29. cxd3 Bxd3 30. Nc5 bxc5 31. Qxd3 Qe2 32. Qc3+ Re5 33. Rc1 Qe3 34. Qxe3 Rxe3 35. Rxc5 Rb3 36. Rxc6 Rxb2 37. Ra6 h5 38. Rxa5 Ra2 39. h4 Kh7 40. Ra7+ Kg8 41. a5 Ra4 42. g3 Ra2 43. Kg1 Kh8 44. Kf1 Kg8 45. a6 Kh8 46. Ke1 Kg8 47. Kd1 Kh8 48. Kc1 Kg8 49. Kb1 Ra5 50. Kb2 Ra4 51. Kb3 Ra1 52. Kb4 Rb1+ 53. Kc5 Ra1 54. Kd6 Ra3 55. Ke6 Re3+ 56. Kf6 Rf3+ 57. Kxg6 Rxg3+ 58. Kxh5 Rc3 59. Rb7 Rc5+ 60. Kg4 1-0

[Event "Sant Boi de Llobregat op 4th"]
[Site "Sant Boi de Llobregat"]
[Date "2023.12.04"]
[Round "5"]
[White "Golubka, Petr"]
[Black "Ruiz Buendia, Miguel"]
[Result "1/2-1/2"]
[WhiteElo "2440"]
[BlackElo "2255"]
[PlyCount "106"]
[EventDate "2023.11.30"]
[EventType "swiss"]
[EventRounds "9"]
[EventCountry "ESP"]
[SourceTitle "CB50_2023"]
[SourceDate "2023.12.13"]
[SourceVersion "1"]
[SourceVersionDate "2023.12.13"]
[SourceQuality "1"]

1. e4 e5 2. Nf3 Nc6 3. d4 exd4 4. Nxd4 Nf6 5. Nxc6 bxc6 6. e5 Qe7 7. Qe2 Nd5 8. h4 Qe6 9. Nd2 a5 10. Nf3 Ba6 11. c4 Nb6 12. b3 Bb4+ 13. Bd2 0-0 14. Qe3 Bxd2+ 15. Qxd2 a4 16. Rd1 axb3 17. axb3 d5 18. cxd5 cxd5 19. Qc2 Bxf1 20. Kxf1 c6 21. Rh3 f6 22. Nd4 Qxe5 23. Qxc6 Rab8 24. Re3 Qh5 25. Qe6+ Kh8 26. Nf3 Rfe8 27. Qd6 Red8 28. Qf4 Nd7 29. g4 Qg6 30. Rxd5 Ne5 31. Rxd8+ Rxd8 32. Nxe5 fxe5 33. Qxe5 h6 34. Qe4 Qa6+ 35. Kg2 Rd1 36. h5 Qf1+ 37. Kg3 Rd8 38. Qg2 Qd1 39. Qf3 Qg1+ 40. Kh3 Kg8 41. Qg2 Qd1 42. f4 Qc1 43. Qf3 Qb1 44. f5 Rd1 45. f6 Rh1+ 46. Kg3 Qg1+ 47. Kf4 Qh2+ 48. Kf5 Qc2+ 49. Re4 Qc5+ 50. Re5 Qc2+ 51. Kf4 Qh2+ 52. Kf5 Qc2+ 53. Kf4 Qh2+ 1/2-1/2

[Event "ESP-chT CECLUB Div2"]
[Site "Linares"]
[Date "2023.08.17"]
[Round "6.9"]
[White "Moral Garcia, Serafin"]
[Black "Ruiz Buendia, Miguel"]
[Result "1/2-1/2"]
[WhiteElo "2250"]
[BlackElo "2198"]
[PlyCount "99"]
[EventDate "2023.08.13"]
[EventType "team-swiss"]
[EventRounds "7"]
[EventCountry "ESP"]
[SourceTitle "EXT 2024"]
[Source "ChessBase"]
[SourceDate "2023.10.10"]
[SourceVersion "1"]
[SourceVersionDate "2023.10.10"]
[SourceQuality "1"]
[WhiteTeam "Granada Aimpulsa"]
[BlackTeam "Collado Villalba"]
[WhiteTeamCountry "ESP"]
[BlackTeamCountry "ESP"]

1. e4 c5 2. Nf3 d6 3. d4 cxd4 4. Nxd4 Nf6 5. Nc3 a6 6. Be3 e5 7. Nf3 Be7 8. Nd2 b5 9. a4 b4 10. Nd5 Nxd5 11. exd5 f5 12. Nc4 Nd7 13. a5 0-0 14. f3 Bh4+ 15. g3 f4 16. Bf2 e4 17. fxe4 Bg5 18. Qd3 fxg3 19. hxg3 Nf6 20. Bg2 Ng4 21. Bd4 Qe7 22. Nb6 Ne5 23. Bxe5 Qxe5 24. Nc4 Qe7 25. e5 g6 26. e6 Bd7 27. Ke2 Bb5 28. b3 Qg7 29. Raf1 Rxf1 30. Rxf1 Rf8 31. Rxf8+ Kxf8 32. Be4 Ke7 33. Qf3 Bxc4+ 34. bxc4 Qf6 35. Qxf6+ Bxf6 36. Bd3 b3 37. cxb3 Bc3 38. c5 dxc5 39. Bxa6 Bxa5 40. g4 Kd6 41. Bc4 h5 42. gxh5 gxh5 43. Bd3 Bd8 44. Be4 h4 45. Kd3 h3 46. Bh1 h2 47. Kc4 Bf6 48. Bg2 Bg5 49. b4 cxb4 50. Kxb4 1/2-1/2

[Event "ESP-ch U18"]
[Site "Salobrena"]
[Date "2023.08.05"]
[Round "9"]
[White "Ruiz Buendia, Miguel"]
[Black "Fernandez Estremera, Fernando"]
[Result "1/2-1/2"]
[WhiteElo "2155"]
[BlackElo "2279"]
[PlyCount "60"]
[EventDate "2023.07.31"]
[EventType "swiss"]
[EventRounds "9"]
[EventCountry "ESP"]
[SourceTitle "CBM 215 Extra"]
[Source "ChessBase"]
[SourceDate "2023.09.30"]
[SourceVersion "1"]
[SourceVersionDate "2023.09.30"]
[SourceQuality "1"]

1. e4 c6 2. Nf3 d5 3. Nc3 Bg4 4. h3 Bxf3 5. Qxf3 e6 6. d4 Nf6 7. exd5 cxd5 8. Bd3 Nc6 9. Ne2 Bd6 10. 0-0 h6 11. c3 0-0 12. Nf4 a6 13. Bd2 b5 14. Rae1 Qc7 15. g3 Rfe8 16. Kg2 b4 17. Nh5 Nxh5 18. Qxh5 Bf8 19. f4 bxc3 20. bxc3 Rab8 21. Rb1 Rxb1 22. Rxb1 Rb8 23. Qd1 Rb6 24. Rxb6 Qxb6 25. Qb3 Qa5 26. Be3 Na7 27. a4 Nc8 28. Qb7 Qxc3 29. Qxa6 Nd6 30. Bf2 Ne4 1/2-1/2

[Event "ESP-ch U18"]
[Site "Salobrena"]
[Date "2023.08.02"]
[Round "5"]
[White "Ruiz Buendia, Miguel"]
[Black "Perez Manzanedo, Carlos"]
[Result "1-0"]
[WhiteElo "2155"]
[BlackElo "1961"]
[PlyCount "109"]
[EventDate "2023.07.31"]
[EventType "swiss"]
[EventRounds "9"]
[EventCountry "ESP"]
[SourceTitle "CBM 215 Extra"]
[Source "ChessBase"]
[SourceDate "2023.09.30"]
[SourceVersion "1"]
[SourceVersionDate "2023.09.30"]
[SourceQuality "1"]

1. e4 c6 2. d4 d5 3. e5 c5 4. Nf3 cxd4 5. Qxd4 Nc6 6. Qf4 e6 7. Nc3 Nh6 8. Bd3 Nb4 9. Ne2 Nxd3+ 10. cxd3 f6 11. 0-0 fxe5 12. Nxe5 Bd6 13. Qa4+ Bd7 14. Nxd7 Qxd7 15. Qxd7+ Kxd7 16. Bxh6 gxh6 17. d4 Rac8 18. Rac1 Rc6 19. Rc3 Rhc8 20. Rfc1 Bb4 21. Rxc6 Rxc6 22. Rxc6 bxc6 23. Nc1 a5 24. Kf1 Be7 25. Ke2 Bf6 26. Ke3 c5 27. dxc5 Bxb2 28. Nd3 Bf6 29. a4 Kc6 30. f4 h5 31. g3 h6 32. h3 Be7 33. Kd4 Bf6+ 34. Ne5+ Kb7 35. g4 hxg4 36. hxg4 Kc7 37. f5 exf5 38. gxf5 h5 39. Kxd5 h4 40. Ng4 h3 41. c6 Bh4 42. Kc5 Bf6 43. Nxf6 h2 44. Nd5+ Kc8 45. Kd6 h1Q 46. Ne7+ Kb8 47. c7+ Ka7 48. c8Q Qd1+ 49. Nd5 Qd2 50. Qd7+ Ka6 51. Qc8+ Ka7 52. Qc5+ Kb8 53. Qe3 Qc2 54. Qb6+ Ka8 55. Qc6+ 1-0

[Event "ESP-ch U18"]
[Site "Salobrena"]
[Date "2023.08.01"]
[Round "3"]
[White "Ruiz Buendia, Miguel"]
[Black "Rey Martinez, Jaime"]
[Result "0-1"]
[WhiteElo "2155"]
[BlackElo "2361"]
[PlyCount "140"]
[EventDate "2023.07.31"]
[EventType "swiss"]
[EventRounds "9"]
[EventCountry "ESP"]
[SourceTitle "CBM 215 Extra"]
[Source "ChessBase"]
[SourceDate "2023.09.30"]
[SourceVersion "1"]
[SourceVersionDate "2023.09.30"]
[SourceQuality "1"]

1. e4 c5 2. Nf3 Nc6 3. d4 cxd4 4. Nxd4 g6 5. c4 Nf6 6. Nc3 d6 7. Be2 Nxd4 8. Qxd4 Bg7 9. Be3 0-0 10. Qd3 Bd7 11. 0-0 a6 12. Rfd1 Bc6 13. f3 a5 14. b3 Nd7 15. a3 f5 16. Rac1 f4 17. Bf2 g5 18. c5 dxc5 19. Bxc5 Kh8 20. Bf2 Qe8 21. Nd5 Ne5 22. Qd2 Qf7 23. Nb6 Rae8 24. Nc4 Nxc4 25. Bxc4 Qg6 26. Bd4 g4 27. Bxg7+ Qxg7 28. Qc3 Rf6 29. Bd5 e5 30. Bxc6 Rxc6 31. Qd3 Rg6 32. Rd2 Rg8 33. Rdc2 gxf3 34. Qxf3 Qe7 35. a4 Qb4 36. Rc8 Qb6+ 37. Kf1 Qe6 38. Rxg8+ Kxg8 39. Qd3 Kh8 40. Qf3 Rg7 41. Rd1 Qe7 42. Qd3 Rg8 43. Qf3 Qh4 44. Kg1 Qh6 45. Rd7 Qc6 46. Rd5 Qc1+ 47. Rd1 Qc2 48. Rd7 Qc5+ 49. Kf1 b5 50. Qh5 Qc1+ 51. Rd1 Qb2 52. Qf3 bxa4 53. bxa4 Qc2 54. Rd7 Qc6 55. Rd5 Qxa4 56. Qc3 Qxe4 57. Qxe5+ Qxe5 58. Rxe5 Ra8 59. Re2 a4 60. Ra2 a3 61. Ke2 Kg7 62. g3 fxg3 63. hxg3 Kf6 64. Kf3 Kf5 65. Kf2 Ke4 66. Ke2 h5 67. Kf2 Kd3 68. Kf3 Ra4 69. Ra1 a2 70. Kf2 Kc2 0-1

[Event "ESP-ch U18"]
[Site "Salobrena"]
[Date "2023.07.31"]
[Round "1"]
[White "Ruiz Buendia, Miguel"]
[Black "Lopez Garcia, Manu"]
[Result "1-0"]
[WhiteElo "2155"]
[BlackElo "1712"]
[PlyCount "79"]
[EventDate "2023.07.31"]
[EventType "swiss"]
[EventRounds "9"]
[EventCountry "ESP"]
[SourceTitle "CBM 215 Extra"]
[Source "ChessBase"]
[SourceDate "2023.09.30"]
[SourceVersion "1"]
[SourceVersionDate "2023.09.30"]
[SourceQuality "1"]

1. e4 e6 2. d4 d5 3. Nc3 Nf6 4. Bg5 dxe4 5. Nxe4 Be7 6. Bxf6 Bxf6 7. Nf3 Nd7 8. Qd2 Be7 9. 0-0-0 0-0 10. Bd3 c5 11. dxc5 Qc7 12. Rhe1 f5 13. Neg5 Nxc5 14. Bc4 Bf6 15. Nd4 Bxg5 16. Qxg5 Ne4 17. Nxe6 Bxe6 18. Bxe6+ Kh8 19. Qe3 Rae8 20. Bb3 Qxh2 21. f3 Nf6 22. Qxa7 Qxg2 23. Qxb7 Rxe1 24. Rxe1 Rd8 25. Kb1 Qd2 26. Rc1 Nh5 27. a4 Nf4 28. Rg1 Qd4 29. Rh1 Qe5 30. Qf7 h6 31. Qa7 Rd2 32. Rxh6+ gxh6 33. Qa8+ Kg7 34. Qg8+ Kf6 35. Qh8+ Kg5 36. Qxe5 h5 37. Qe7+ Kh6 38. Qf6+ Ng6 39. Bf7 Rg2 40. a5 1-0

[Event "Teplice op"]
[Site "Teplice"]
[Date "2023.06.11"]
[Round "2"]
[White "Raja, Rithvik R"]
[Black "Ruiz Buendia, Miguel"]
[Result "1/2-1/2"]
[WhiteElo "2488"]
[BlackElo "2220"]
[PlyCount "64"]
[EventDate "2023.06.10"]
[EventType "swiss"]
[EventRounds "9"]
[EventCountry "CZE"]
[SourceTitle "CBM 214 Extra"]
[Source "ChessBase"]
[SourceDate "2023.07.31"]
[SourceVersion "1"]
[SourceVersionDate "2023.07.31"]
[SourceQuality "1"]

1. d4 d5 2. c4 c6 3. Nf3 Nf6 4. e3 Bf5 5. Nc3 e6 6. Nh4 Be4 7. f3 Bg6 8. Qb3 Qc7 9. cxd5 cxd5 10. Bd2 Be7 11. Nxg6 hxg6 12. 0-0-0 Nc6 13. Kb1 a6 14. Rc1 Nd7 15. Bd3 Rc8 16. Ne2 b5 17. a4 bxa4 18. Qxa4 Nb6 19. Qxa6 Ra8 20. Qb5 Kd7 21. Rc3 Na4 22. Rxc6 Qxc6 23. Rc1 Qxb5 24. Bxb5+ Kd8 25. Rc6 Nxb2 26. Kxb2 Rxh2 27. g3 Rf2 28. f4 g5 29. Ra6 Rxa6 30. Bxa6 gxf4 31. gxf4 g5 32. fxg5 Bxg5 1/2-1/2

[Event "Rilton Cup 50th"]
[Site "Stockholm"]
[Date "2023.01.02"]
[Round "6"]
[White "Ilamparthi, AR."]
[Black "Ruiz Buendia, Miguel"]
[Result "1-0"]
[WhiteElo "2336"]
[BlackElo "2257"]
[PlyCount "55"]
[EventDate "2022.12.27"]
[EventType "swiss"]
[EventRounds "9"]
[EventCountry "SWE"]
[SourceTitle "CBM 212 Extra"]
[Source "ChessBase"]
[SourceDate "2023.03.31"]
[SourceVersion "1"]
[SourceVersionDate "2023.03.31"]
[SourceQuality "1"]

1. e4 c5 2. Nf3 d6 3. d4 cxd4 4. Nxd4 Nf6 5. Nc3 a6 6. f3 e5 7. Nb3 Be6 8. Be3 h5 9. Nd5 Bxd5 10. exd5 Nbd7 11. Qd2 g6 12. 0-0-0 Nb6 13. Kb1 Nbxd5 14. Bg5 Be7 15. Bd3 Qc7 16. Rhe1 0-0-0 17. c4 Nb6 18. c5 dxc5 19. Nxc5 Nc4 20. Qc2 Qxc5 21. Bxc4 Rxd1+ 22. Rxd1 Rd8 23. Rxd8+ Kxd8 24. Bxf7 Qg1+ 25. Qc1 Qxg2 26. Be6 Ke8 27. Bxf6 Bd8 28. Qd1 1-0

[Event "Rilton Cup 50th"]
[Site "Stockholm"]
[Date "2022.12.28"]
[Round "2"]
[White "Vestby Ellingsen, Mads"]
[Black "Ruiz Buendia, Miguel"]
[Result "0-1"]
[WhiteElo "2389"]
[BlackElo "2257"]
[PlyCount "106"]
[EventDate "2022.12.27"]
[EventType "swiss"]
[EventRounds "9"]
[EventCountry "SWE"]
[SourceTitle "CBM 212 Extra"]
[Source "ChessBase"]
[SourceDate "2023.03.31"]
[SourceVersion "1"]
[SourceVersionDate "2023.03.31"]
[SourceQuality "1"]

1. e4 c5 2. Nf3 d6 3. d4 cxd4 4. Nxd4 Nf6 5. Nc3 a6 6. Be2 e5 7. Nb3 Be7 8. Be3 0-0 9. 0-0 Be6 10. Re1 Nbd7 11. a4 Rc8 12. a5 Rxc3 13. bxc3 Nxe4 14. Qd3 f5 15. c4 Qc7 16. Red1 Qc6 17. f3 Nef6 18. Bc1 Rc8 19. Ba3 Ne8 20. Nd2 Nc5 21. Qe3 Nf6 22. Nb3 f4 23. Qd2 d5 24. cxd5 Bxd5 25. Qc3 Nxb3 26. Qxc6 Rxc6 27. cxb3 Bxa3 28. Rxa3 Kf7 29. Raa1 Rc2 30. Bd3 Rc3 31. b4 Ke6 32. Rac1 Rb3 33. Rb1 Ra3 34. Bf1 g5 35. Ra1 Rc3 36. Rdc1 Rb3 37. Rab1 Ra3 38. Bc4 Bxc4 39. Rxc4 Nd5 40. Rc8 Ra2 41. Re8+ Kf6 42. Rg8 Ne3 43. g3 h5 44. gxf4 exf4 45. Rc1 g4 46. Rf8+ Kg5 47. Rc5+ Kh4 48. Rh8 Ra1+ 49. Kf2 Ra2+ 50. Ke1 Kh3 51. Rhxh5+ Kg2 52. Rce5 gxf3 53. Rhg5+ Kh1 0-1

[Event "ESP-chT CECLUB Div1"]
[Site "Sanxenxo"]
[Date "2022.09.23"]
[Round "7.1"]
[White "Franco Alonso, Alejandro"]
[Black "Ruiz Buendia, Miguel"]
[Result "1-0"]
[WhiteElo "2432"]
[BlackElo "2293"]
[PlyCount "75"]
[EventDate "2022.09.17"]
[EventType "team-tourn"]
[EventRounds "7"]
[EventCountry "ESP"]
[SourceTitle "CBM 210 Extra"]
[Source "ChessBase"]
[SourceDate "2022.11.30"]
[SourceVersion "1"]
[SourceVersionDate "2022.11.30"]
[SourceQuality "1"]
[WhiteTeam "Taldea Gros Xake"]
[BlackTeam "Collado Villalba"]
[WhiteTeamCountry "ESP"]
[BlackTeamCountry "ESP"]

1. d4 Nf6 2. c4 e6 3. Nf3 d5 4. g3 Bb4+ 5. Bd2 Be7 6. Bg2 0-0 7. 0-0 c6 8. Qc2 Nbd7 9. Bf4 b6 10. Rd1 Ba6 11. Ne5 Rc8 12. Nc3 Nh5 13. Bc1 h6 14. e4 Nhf6 15. Qa4 Nb8 16. exd5 exd5 17. cxd5 b5 18. Qb3 b4 19. Ne4 Nxd5 20. Bd2 Qb6 21. Nc5 Rfd8 22. Rac1 Bxc5 23. Rxc5 Nd7 24. Nxd7 Rxd7 25. Bh3 Rcd8 26. Bxd7 Rxd7 27. Rdc1 Rd6 28. Re1 Rf6 29. Qc2 Nc7 30. Bf4 Ne6 31. Rxc6 Qb5 32. d5 Bb7 33. Rc8+ Bxc8 34. Qxc8+ Nf8 35. Re8 Qxd5 36. Rxf8+ Kh7 37. Rh8+ Kg6 38. Qg4+ 1-0

[Event "ESP-ch U18 Rapid"]
[Site "Salobrena"]
[Date "2022.08.07"]
[Round "9"]
[White "Ruiz Buendia, Miguel"]
[Black "Rico Carretero, Jose Carlos"]
[Result "1-0"]
[WhiteElo "1758"]
[BlackElo "1487"]
[PlyCount "127"]
[EventDate "2022.08.06"]
[EventType "swiss (rapid)"]
[EventRounds "9"]
[EventCountry "ESP"]
[SourceTitle "EXT 2023"]
[Source "ChessBase"]
[SourceDate "2022.10.05"]
[SourceVersion "1"]
[SourceVersionDate "2022.10.05"]
[SourceQuality "1"]

1. e4 c5 2. Nf3 g6 3. c3 Bg7 4. d4 cxd4 5. cxd4 Nc6 6. Nc3 d6 7. h3 Nf6 8. Be3 0-0 9. Be2 Bd7 10. 0-0 Rc8 11. Rc1 b6 12. Ba6 Rb8 13. a3 Bc8 14. Bb5 Bb7 15. Qa4 Rc8 16. Rfd1 a6 17. Bd3 b5 18. Qb3 Na5 19. Qa2 Nc4 20. Bg5 h6 21. Bf4 Nh5 22. Bh2 Qb6 23. b3 Na5 24. e5 Bxf3 25. gxf3 dxe5 26. dxe5 Qe6 27. b4 Nb3 28. Rc2 Nd4 29. Qxe6 Nxf3+ 30. Kh1 fxe6 31. Bxg6 Nxh2 32. Bxh5 Bxe5 33. Rd3 Rf5 34. Bd1 Kf7 35. Ne4 Rxc2 36. Bxc2 Nf3 37. Nc5 Ne1 38. Rd2 Rf3 39. Be4 Rxh3+ 40. Kg1 Rxa3 41. Rd1 Nf3+ 42. Bxf3 Rxf3 43. Nxa6 Rb3 44. Re1 Kf6 45. Nc5 Rxb4 46. Nd7+ Kf5 47. Rxe5+ Kf4 48. Rxe6 Kf3 49. Ne5+ Kf4 50. Nd3+ Kf5 51. Rxe7 Rb1+ 52. Kg2 b4 53. Kf3 b3 54. Re5+ Kf6 55. Rb5 Kg6 56. Nc5 b2 57. Nd3 h5 58. Rxb2 Rd1 59. Nf4+ Kf5 60. Rb5+ Kf6 61. Nxh5+ Kf7 62. Nf4 Rd6 63. Ke4 Rf6 64. Rf5 1-0

[Event "ESP-ch U18"]
[Site "Salobrena"]
[Date "2022.08.06"]
[Round "9"]
[White "Ruiz Buendia, Miguel"]
[Black "Guillermo Gonzalez, Alvaro"]
[Result "0-1"]
[WhiteElo "2325"]
[BlackElo "2158"]
[PlyCount "140"]
[EventDate "2022.08.01"]
[EventType "swiss"]
[EventRounds "9"]
[EventCountry "ESP"]
[SourceTitle "EXT 2023"]
[Source "ChessBase"]
[SourceDate "2022.10.05"]
[SourceVersion "1"]
[SourceVersionDate "2022.10.05"]
[SourceQuality "1"]

1. e4 c5 2. Nf3 d6 3. d4 cxd4 4. Nxd4 Nf6 5. Nc3 a6 6. Be3 e6 7. g4 h5 8. gxh5 b5 9. a3 Bb7 10. Bd3 Nbd7 11. h6 gxh6 12. Rg1 Rc8 13. Qd2 Ne5 14. f4 Nc4 15. Bxc4 Rxc4 16. Qd3 Rxc3 17. Qxc3 Nxe4 18. Qd3 Qh4+ 19. Kd1 Nf2+ 20. Bxf2 Qxf2 21. Rf1 Qxh2 22. Kc1 Rg8 23. Nxb5 Rg1 24. Kb1 Be4 25. Nc7+ Kd7 26. Qxa6 Rxf1+ 27. Qxf1 Qxc2+ 28. Ka2 Qxc7 29. Rc1 Qb7 30. Qg1 Be7 31. Qg8 f5 32. Qh8 Bc6 33. Rc3 Qb5 34. Rc1 e5 35. fxe5 Qxe5 36. Qb8 Qb5 37. Qh8 f4 38. Qxh6 Qf5 39. Qg7 f3 40. Re1 Bd5+ 41. Ka1 Be6 42. Qd4 Qd5 43. Qa4+ Kd8 44. Rxe6 Qxe6 45. Qa5+ Ke8 46. Qa8+ Bd8 47. Qc6+ Qd7 48. Qe4+ Be7 49. Qa8+ Kf7 50. Qxf3+ Bf6 51. Qh5+ Kg7 52. Qd5 Be5 53. Qg2+ Kf6 54. Qf2+ Qf5 55. Qh4+ Ke6 56. Qh6+ Kf7 57. Qh1 Qc2 58. Qh5+ Ke7 59. Qg5+ Kd7 60. Qg4+ Kc7 61. Qb4 Qc5 62. Qxc5+ dxc5 63. Kb1 Kb6 64. b3 Kc6 65. Kc2 Kd5 66. Kc1 Bc3 67. Kc2 Kd4 68. Kc1 Kd3 69. Kd1 Bd2 70. a4 Bb4 0-1

[Event "Madrid-ch"]
[Site "Madrid"]
[Date "2022.05.31"]
[Round "7"]
[White "Ruiz Buendia, Miguel"]
[Black "Torres Bosch, Jose Francisco"]
[Result "1-0"]
[WhiteElo "2162"]
[BlackElo "2134"]
[PlyCount "95"]
[EventDate "2022.05.25"]
[EventType "swiss"]
[EventRounds "7"]
[EventCountry "ESP"]
[SourceTitle "EXT 2023"]
[Source "ChessBase"]
[SourceDate "2022.10.05"]
[SourceVersion "1"]
[SourceVersionDate "2022.10.05"]
[SourceQuality "1"]

1. e4 e5 2. Nf3 Nc6 3. Bc4 Bc5 4. c3 Nf6 5. d4 exd4 6. e5 d5 7. Bb5 Ne4 8. cxd4 Bb6 9. Nc3 0-0 10. Be3 Bg4 11. h3 Bh5 12. Qc2 Bg6 13. Qb3 Ne7 14. 0-0 c6 15. Bd3 Nf5 16. Na4 Rc8 17. Nxb6 Qxb6 18. Bf4 c5 19. Qxb6 axb6 20. Rfd1 Nxd4 21. Nxd4 cxd4 22. Bxe4 Bxe4 23. Rxd4 Rc4 24. Rad1 Rxd4 25. Rxd4 Rd8 26. f3 Bb1 27. Bg5 Rd7 28. a4 h6 29. Be3 b5 30. axb5 Ba2 31. Rb4 Rc7 32. Ra4 Bc4 33. Ra8+ Kh7 34. b6 Rd7 35. Bd4 Kg6 36. Rg8 Bb5 37. Kf2 Re7 38. Rd8 Bc6 39. Rc8 Kf5 40. g4+ Kg6 41. Bc5 Rd7 42. Bd6 Bb5 43. Rc5 Bc4 44. f4 h5 45. f5+ Kg5 46. Bf8 hxg4 47. e6 Rd8 48. Be7+ 1-0